Protein synthesis / (Record no. 143302)

MARC details
000 -LEADER
fixed length control field 00977cam a22003011i 4500
008 - FIXED-LENGTH DATA ELEMENTS--GENERAL INFORMATION
fixed length control field
020 ## - INTERNATIONAL STANDARD BOOK NUMBER
International Standard Book Number 0521210933 (pbk.)
049 ## - LOCAL HOLDINGS (OCLC)
Holding library MAIN
090 ## - LOCALLY ASSIGNED LC-TYPE CALL NUMBER (OCLC); LOCAL CALL NUMBER (RLIN)
Classification number (OCLC) (R) ; Classification number, CALL (RLIN) (NR) QP624.75.P74
003 - CONTROL NUMBER IDENTIFIER
control field
005 - DATE AND TIME OF LATEST TRANSACTION
control field 20230123133130.0
040 ## - CATALOGING SOURCE
Transcribing agency NUST
245 00 - TITLE STATEMENT
Title Protein synthesis /
Statement of responsibility, etc. Michael A. Tribe ... [et al.].
260 ## - PUBLICATION, DISTRIBUTION, ETC.
Place of publication, distribution, etc. Cambridge :
Name of publisher, distributor, etc. Cambridge University Press ,
Date of publication, distribution, etc. 1976.
300 ## - PHYSICAL DESCRIPTION
Extent vii, 103 p. :
Other physical details ill. ;
Dimensions 30 cm.
440 ## - SERIES STATEMENT/ADDED ENTRY--TITLE
Title Basic biology course ; book 9 : Unit 3, Regulation within cells.
500 ## - GENERAL NOTE
General note Cataloging based on CIP information.
504 ## - BIBLIOGRAPHY, ETC. NOTE
Bibliography, etc. note Includes bibliography.
650 #0 - SUBJECT ADDED ENTRY--TOPICAL TERM
Topical term or geographic name entry element Proteins
General subdivision Synthesis.
650 #2 - SUBJECT ADDED ENTRY--TOPICAL TERM
Topical term or geographic name entry element Nucleic Acids
General subdivision physiology
Form subdivision programmed instruction.
650 #2 - SUBJECT ADDED ENTRY--TOPICAL TERM
Topical term or geographic name entry element Biosynthesis instruction.
700 ## - ADDED ENTRY--PERSONAL NAME
Personal name Snook, Roger K.
700 ## - ADDED ENTRY--PERSONAL NAME
Personal name Eraut, Michael R.
700 ## - ADDED ENTRY--PERSONAL NAME
Personal name Tallan, Irwin
700 1# - ADDED ENTRY--PERSONAL NAME
Personal name Tribe, Michael A.
907 ## - LOCAL DATA ELEMENT G, LDG (RLIN)
a .b10015425
b 25-01-06
c 17-04-03
942 ## - ADDED ENTRY ELEMENTS (KOHA)
Koha item type Ordinary Loan Books
Call number prefix QP624.75.P74
Holdings
Date last seen Total Checkouts Full call number Barcode Cost, replacement price Price effective from Koha item type Lost status Source of classification or shelving scheme Damaged status Not for loan Collection Withdrawn status Home library Current library Shelving location Date acquired Cost, normal purchase price
01/23/2023   QP624.75.P74 PRO 92003002712 80.00 01/23/2023 BOOKS   LCC     NFIC   MAIN MAIN GEN 01/23/2023 80.00